| 000 | 00755nam a2200229Ia 4500 | ||
|---|---|---|---|
| 003 | GCL | ||
| 008 | 140319s9999 xx 000 0 ara d | ||
| 020 | _a2261314977 | ||
| 040 |
_aGCL / _cGCL |
||
| 082 | 0 | 4 |
_a709.2 _bم ف |
| 100 | 1 | _aمحمود ابراهيم حسين | |
| 245 | 1 | 0 |
_aفنانون فى مراسم اباطرة المغول فى الهند / _cمحمود ابراهيم حسين |
| 700 | 1 | _aمنى سيد على حسن | |
| 250 | _aالاولى | ||
| 260 |
_aالقاهرة : _bمكتبة زهراء الشرق ، _c2005 |
||
| 300 |
_a135 ص ؛ _c24 سم |
||
| 650 | 0 | 4 | _aالفنانون |
| 650 | 0 | 4 | _aالرسامون |
| 650 | 0 | 4 | _aالفنانون - تراجم |
| 650 | 0 | 4 | _aالفنانون - الهند |
| 942 |
_2ddc _cBK |
||
| 999 |
_c57292 _d57292 |
||